000 00523nam a2200145Ia 4500
008 140724s9999 xx 000 0 und d
050 _aPN 1992.94
_b.C113 2009
100 _aCabato, Zabrina Jessica A.
245 2 _aA video production thesis on the lives and works of Media Practitioners /
_cZabrina Jessica A. Cabato.
260 _aLas PiƱas, Philippines :
_bSouthville International School and Colleges,
_cc2009.
300 _a79 p. :
_bill. ;
_c28 cm.
521 _aMass Communication
942 _cTH
999 _c228851
_d228851